[Event "Keres Mem Rapid"]
[Site "Tallinn EST"]
[Date "2004.01.04"]
[Round "4"]
[White "Dreev,A"]
[Black "Rozentalis,E"]
[Result "1-0"]
[WhiteElo "2682"]
[BlackElo "2625"]

1.d4 Nf6 2.c4 e6 3.Nf3 b6 4.a3 Bb7 5.Nc3 d5 6.cxd5 exd5 7.Qc2 Be7 8.Bf4 O-O
9.e3 Nbd7 10.Bd3 c5 11.O-O a6 12.a4 Rc8 13.Bf5 g6 14.Bh3 cxd4 15.exd4 Ne4
16.Qb3 Nxc3 17.bxc3 f5 18.Rfe1 Nf6 19.Rab1 b5 20.axb5 Ne4 21.Bh6 Rxc3 22.Qb2 Ba3
23.Qa1 Qc7 24.Bxf8 Kxf8 25.bxa6 Bxa6 26.Ne5 Kg7 27.g3 Bd3 28.Nxd3 Rxd3 29.Bf1 Rc3
30.Qa2 Qd6 31.Rb7+ Kh6 32.Rxe4  1-0

[Event "Keres Mem Rapid"]
[Site "Tallinn EST"]
[Date "2004.01.04"]
[Round "7"]
[White "Sveshnikov,E"]
[Black "Dreev,A"]
[Result "1-0"]
[WhiteElo "2557"]
[BlackElo "2682"]

1.e4 c6 2.d4 d5 3.exd5 cxd5 4.Nf3 Nc6 5.Bf4 Bg4 6.c3 Bxf3 7.Qxf3 e6 8.Nd2 Bd6
9.Bg3 Nge7 10.Bd3 O-O 11.O-O-O b5 12.Bxb5 Rb8 13.Bd3 Qb6 14.Nb3 Na5 15.Bxd6 Nxb3+
16.axb3 Qxd6 17.Bc2 Nc6 18.Qd3 g6 19.h4 Na5 20.b4 Nc4 21.h5 Rb7 22.Rh4 a5
23.Rdh1 e5 24.Qg3 axb4 25.hxg6 fxg6 26.Bxg6 Qxg6 27.Rg4 Rf6 28.dxe5 bxc3
29.Rxg6+ Rxg6 30.Qxc3 Rc6 31.Qg3+ Rg7 32.Qh4 Rc8 33.Rh3 Nxe5+ 34.Rc3 Re8
35.Qd4 Kh8 36.Re3 Rc8+ 37.Kb1 Nc6 38.Qxd5 Nb4 39.Qe5 Nc6 40.Qf6  1-0

[Event "Gibraltar Masters"]
[Site "Catalan Bay ENG"]
[Date "2004.01.27"]
[Round "1"]
[White "Dreev,A"]
[Black "Beshukov,S"]
[Result "1-0"]
[WhiteElo "2682"]
[BlackElo "2499"]

1.d4 d5 2.c4 c6 3.Nf3 e6 4.Bg5 Be7 5.Bxe7 Qxe7 6.e3 Nf6 7.Nc3 O-O 8.Qc2 Nbd7
9.cxd5 exd5 10.Bd3 Re8 11.O-O Ne4 12.b4 a6 13.Rab1 f5 14.Na4 Rf8 15.Nc5 Rf6
16.a4 Nf8 17.Ne5 Ng6 18.f4 a5 19.Bxe4 fxe4 20.bxa5 Rxa5 21.Qb3 Rf8 22.Qb6 Ra8
23.a5 Qd8 24.Qxd8 Rxd8 25.Nxb7 Bxb7 26.Rxb7 Nxe5 27.fxe5 Rxa5 28.Rff7 Ra1+
29.Kf2 Rf8 30.Rxf8+ Kxf8 31.Kg3 Re1 32.Kf2 Rc1 33.Rc7 Rc3 34.e6 h5 35.h4 Ra3
36.Rf7+ Kg8 37.Rb7 Kf8 38.Rc7 Rb3 39.Rf7+ Kg8 40.Rf5 g6 41.Rf6 Kg7 42.Rf7+ Kg8
43.Rf6 Kg7 44.e7 Rb8 45.Rxc6 Kf7 46.Kg3 g5 47.hxg5 Kxe7 48.Rh6 Rb2 49.Rxh5 Re2
50.Kf4 Rxg2 51.Ke5 Rg3 52.Kxd5 Rxe3 53.Rh4  1-0

[Event "Gibraltar Masters"]
[Site "Catalan Bay ENG"]
[Date "2004.02.01"]
[Round "6"]
[White "Sandipan,C"]
[Black "Dreev,A"]
[Result "1/2-1/2"]
[WhiteElo "2522"]
[BlackElo "2682"]

1.e4 c6 2.d4 d5 3.Nd2 dxe4 4.Nxe4 Bf5 5.Ng3 Bg6 6.h4 h6 7.Nf3 Nd7 8.h5 Bh7
9.Bd3 Bxd3 10.Qxd3 e6 11.Bf4 Ngf6 12.O-O-O Be7 13.Kb1 O-O 14.Ne4 Qa5 15.g4 Nxg4
16.Ne5 Ndxe5 17.dxe5 Rad8 18.Qg3 f5 19.Qb3 Rd5 20.Nc3 Nxf2 21.Nxd5 cxd5 22.Qg3 Nxh1
23.Rxh1 Qa4 24.b3 Qd4 25.Bxh6 Qg4 26.Qh2 gxh6 27.Rg1 Qg5 28.Qf2 b6 29.c4 dxc4
30.bxc4 Kf7 31.Rxg5 hxg5 32.a4 g4 33.a5 Rg8 34.axb6 axb6 35.h6 Bd8 36.Qg2 Be7
37.Qh1 Kg6 38.Qc6 Kf7 39.Qh1 Kg6 40.Qc6 Kf7  1/2-1/2

[Event "Gibraltar Masters"]
[Site "Catalan Bay ENG"]
[Date "2004.02.04"]
[Round "9"]
[White "Dreev,A"]
[Black "Harikrishna,P"]
[Result "1/2-1/2"]
[WhiteElo "2682"]
[BlackElo "2582"]

1.d4 Nf6 2.c4 e6 3.Nf3 d5 4.Nc3 c6 5.e3 Nbd7 6.Bd3 dxc4 7.Bxc4 b5 8.Bd3 Bd6
9.Bd2 Bb7 10.a3 a5 11.Ng5 b4 12.Nce4 Be7 13.Nxf6+ gxf6 14.Nf3 c5 15.O-O O-O
16.Qe2  1/2-1/2

[Event "Gibraltar Masters"]
[Site "Catalan Bay ENG"]
[Date "2004.02.05"]
[Round "10"]
[White "Chandler,M"]
[Black "Dreev,A"]
[Result "1/2-1/2"]
[WhiteElo "2508"]
[BlackElo "2682"]

1.e4 c6 2.d4 d5 3.Nd2 dxe4 4.Nxe4 Bf5 5.Ng3 Bg6 6.h4 h6 7.Nf3 Nd7 8.h5 Bh7
9.Bd3 Bxd3 10.Qxd3 e6 11.Bf4 Ngf6 12.O-O-O Be7 13.Kb1 O-O 14.Ne4 Nxe4 15.Qxe4 Nf6
16.Qe2 Qd5 17.Ne5 Qe4 18.Qxe4 Nxe4 19.Rhe1  1/2-1/2

[Event "Aeroflot Open"]
[Site "Moscow RUS"]
[Date "2004.02.19"]
[Round "3"]
[White "Sorokin,M"]
[Black "Dreev,A"]
[Result "0-1"]
[WhiteElo "2574"]
[BlackElo "2682"]

1.d4 d5 2.c4 c6 3.Nf3 Nf6 4.Nc3 e6 5.Bg5 h6 6.Bxf6 Qxf6 7.e3 Nd7 8.Qc2 g6
9.cxd5 exd5 10.Bd3 Bg7 11.b4 Qd6 12.Rb1 O-O 13.O-O Nb6 14.Rfc1 Be6 15.a4 Nd7
16.Ne2 Rfc8 17.Nd2 Nf6 18.h3 Rc7 19.Nf4 Bd7 20.Nf3 Be8 21.Rb3 b6 22.Qb1 c5
23.bxc5 bxc5 24.Rb8 Rxb8 25.Qxb8 c4 26.Bc2 Rc6 27.Rb1 Qxb8 28.Rxb8 Rb6 29.Rd8 Rb2
30.Nxd5 Nxd5 31.Rxe8+ Bf8 32.Rd8 Nf6 33.Bxg6 fxg6 34.Rc8 Ne4 35.Rxc4 Bd6
36.Ne5 Rxf2 37.d5 Rf5 38.Ng4 Rf1+ 39.Kxf1 Nd2+ 40.Ke2 Nxc4 41.Nxh6+ Kf8 42.Ng4 Ke7
43.e4 Ne5 44.Nxe5 Bxe5 45.Kf3 Bc3 46.h4 Be1 47.Kg4 Kf6 48.h5 gxh5+ 49.Kxh5 Bd2
50.g4 Bf4 51.Kh4 Kg6 52.g5 Bxg5+ 53.Kg4 Bc1 54.e5 Bd2 55.d6 a5 56.e6 Bb4  0-1

[Event "Aeroflot Open"]
[Site "Moscow RUS"]
[Date "2004.02.20"]
[Round "4"]
[White "Dreev,A"]
[Black "Volokitin,And"]
[Result "1/2-1/2"]
[WhiteElo "2682"]
[BlackElo "2594"]

1.d4 c5 2.d5 e6 3.c4 exd5 4.cxd5 g6 5.e4 Bg7 6.Nc3 Na6 7.Nge2 d6 8.f3 Nf6
9.Ng3 O-O 10.Bg5 h6 11.Be3 Nc7 12.Qd2 h5 13.Bd3 b5  1/2-1/2

[Event "Aeroflot Open"]
[Site "Moscow RUS"]
[Date "2004.02.22"]
[Round "6"]
[White "Van Wely,L"]
[Black "Dreev,A"]
[Result "1/2-1/2"]
[WhiteElo "2617"]
[BlackElo "2682"]

1.d4 d5 2.c4 c6 3.Nc3 Nf6 4.Nf3 e6 5.Bg5 h6 6.Bh4 dxc4 7.e4 g5 8.Bg3 b5 9.Be2 Bb7
10.h4 g4 11.Ne5 Rg8 12.Nxg4 Nbd7 13.Nxf6+ Qxf6 14.e5 Qf5 15.Bf3 O-O-O 16.Qe2 Nb6
17.a4 bxa4  1/2-1/2

[Event "Aeroflot Open"]
[Site "Moscow RUS"]
[Date "2004.02.23"]
[Round "7"]
[White "Alekseev,Evgeny"]
[Black "Dreev,A"]
[Result "0-1"]
[WhiteElo "2609"]
[BlackElo "2682"]

1.e4 c6 2.d4 d5 3.e5 Bf5 4.c3 e6 5.Be3 Qb6 6.Qb3 Nd7 7.Nd2 f6 8.f4 g5 9.Ngf3 gxf4
10.Bxf4 Bh6 11.Bxh6 Nxh6 12.exf6 Nxf6 13.Be2 Ne4 14.Nxe4 Bxe4 15.O-O Rg8
16.g3 Nf7 17.Nd2 Bf5 18.Qxb6 axb6 19.Bh5 Bg6 20.Bg4 Ke7 21.Rfe1 e5 22.dxe5 h5
23.Bh3 h4 24.Re3 hxg3 25.hxg3 Nh6 26.a3 Bf5 27.Bg2 Bg4 28.Rae1 Nf5 29.Rd3 Bh5
30.Nf1 Raf8 31.Kh2 Rh8 32.Kg1 Rhg8 33.Kh2 b5 34.Bh3 Nh6 35.Rd2 Rg5 36.Ne3 Bf3
37.Rf2 Rh5 38.Rxf3 Rxf3 39.Kg2 Rf8 40.Nc2 Nf7 41.e6 Ne5 42.Nd4 Nd3 43.Re3 Nf2
44.g4 Rxh3 45.Rxh3 Nxh3 46.Kxh3 c5 47.Nxb5 Kxe6 48.b4 b6 49.Kg3 Ke5 50.bxc5 bxc5
51.g5 d4 52.cxd4+ cxd4  0-1

[Event "Aeroflot Open"]
[Site "Moscow RUS"]
[Date "2004.02.24"]
[Round "8"]
[White "Dreev,A"]
[Black "Filippov,Va"]
[Result "1/2-1/2"]
[WhiteElo "2682"]
[BlackElo "2609"]

1.d4 Nf6 2.c4 e6 3.Nc3 Bb4 4.Qc2 d5 5.cxd5 Qxd5 6.Nf3 Qf5 7.Qxf5 exf5 8.a3 Be7
9.e3 Nbd7 10.Bd3 Nb6 11.Bd2 a5 12.Ke2 a4 13.Rhc1 c6 14.Na2 Nfd5 15.Ne5 Be6
16.Nb4 g6 17.Nxd5 Bxd5 18.g3 Bd6 19.Bb4 Bxe5 20.dxe5 f6 21.exf6 Kf7 22.Rg1 h5
23.h3 Be6 24.Rad1 Nd7 25.Bc2 Nxf6 26.Bc3 Bc4+ 27.Bd3 Bxd3+ 28.Rxd3 Rhd8  1/2-1/2

[Event "21st Open"]
[Site "Reykjavik ISL"]
[Date "2004.03.07"]
[Round "1"]
[White "Dreev,A"]
[Black "Bromann,T"]
[Result "1-0"]
[WhiteElo "2682"]
[BlackElo "2371"]

1.d4 d5 2.c4 Nc6 3.Nf3 Bg4 4.Nc3 e6 5.cxd5 exd5 6.Bf4 Bd6 7.Bxd6 Qxd6 8.e3 Nf6
9.Be2 O-O 10.Qb3 Rfd8 11.Rc1 Qb4 12.Qxb4 Nxb4 13.a3 Nc6 14.Na4 Ne4 15.Bb5 Bd7
16.Nc5 Nd6 17.Ba4 b5 18.Nxd7 bxa4 19.Nc5 Nc4 20.Nxa4 Rab8 21.O-O Rb3 22.e4 N6a5
23.exd5 Rxd5 24.Rfe1 Kf8 25.Rc2 f6 26.Rec1 Rxf3 27.gxf3 Rxd4 28.Nc5 Kf7 29.b4 Nxa3
30.bxa5 Nxc2 31.Rxc2  1-0

[Event "21st Open"]
[Site "Reykjavik ISL"]
[Date "2004.03.09"]
[Round "3"]
[White "Dreev,A"]
[Black "Luther,T"]
[Result "1/2-1/2"]
[WhiteElo "2682"]
[BlackElo "2572"]

1.d4 e6 2.c4 Nf6 3.Nc3 Bb4 4.Qc2 O-O 5.a3 Bxc3+ 6.Qxc3 b6 7.Bg5 Ba6 8.e3 d6
9.Bd3 Nbd7 10.Ne2 h6 11.Bh4 c5 12.Qc2 Rc8 13.Qa4 cxd4 14.exd4 Nb8 15.Rd1 Qd7
16.Qb4 Nc6 17.Qd2 Ne8 18.b4 Ne7 19.b5 Bb7 20.f3 d5 21.Qb4 g5 22.Bf2 dxc4
23.Bxc4 Nd5 24.Qb3 Nd6 25.Bd3 Nf5 26.Bb1 a6 27.a4 axb5 28.axb5 Nd6 29.Bd3 Nf5
30.Bb1 Nd6 31.Bd3 Nf5 32.Bb1 Nd6  1/2-1/2

[Event "21st Open"]
[Site "Reykjavik ISL"]
[Date "2004.03.10"]
[Round "4"]
[White "Dreev,A"]
[Black "Timman,J"]
[Result "1-0"]
[WhiteElo "2682"]
[BlackElo "2578"]

1.d4 Nf6 2.c4 e6 3.Nc3 Bb4 4.Qc2 O-O 5.a3 Bxc3+ 6.Qxc3 b6 7.Bg5 Bb7 8.e3 d6
9.Ne2 Nbd7 10.Qd3 Ba6 11.Nc3 d5 12.Qc2 Bxc4 13.Bxc4 dxc4 14.Qa4 c5 15.Qxc4 cxd4
16.Qxd4 h6 17.Bh4 g5 18.Bg3 Nc5 19.Rd1 Qxd4 20.Rxd4 Rfd8 21.h4 Rxd4 22.exd4 Ncd7
23.hxg5 hxg5 24.Ke2 Rc8 25.Kd3 Kg7 26.Nb5 a6 27.Nc7 a5 28.Rc1 Kg6 29.Rc6 Kh5
30.Rc2 Kg6 31.Rc6 Kh5 32.Rc3 Kg6 33.Nd5 Rh8 34.Ne3 Rh1 35.Bc7 Nd5 36.Nxd5 exd5
37.Rc6+ f6 38.Rd6 Rh7 39.a4 Kf5 40.Rxd5+  1-0

[Event "21st Open"]
[Site "Reykjavik ISL"]
[Date "2004.03.12"]
[Round "6"]
[White "Dreev,A"]
[Black "Hillarp Persson,T"]
[Result "1-0"]
[WhiteElo "2682"]
[BlackElo "2530"]

1.d4 Nf6 2.c4 g6 3.f3 Nc6 4.Nc3 d5 5.e4 dxe4 6.d5 Ne5 7.fxe4 c6 8.Nf3 Qc7
9.Nxe5 Qxe5 10.Qf3 g5 11.Qg3 Qxg3+ 12.hxg3 Rg8 13.Be2 h6 14.e5 Nd7 15.e6 Nf6
16.dxc6 bxc6 17.Bf3 Bb7 18.exf7+ Kxf7 19.Be3 g4 20.Be2 c5 21.O-O Rc8 22.Rad1 Ke8
23.Rf5 Nd7 24.Na4 Be4 25.Rf4 Bc2 26.Rxd7 Kxd7 27.Nxc5+ Ke8 28.Bxg4 Rxg4 29.Rxg4 e5
30.b4 a5 31.a3 axb4 32.axb4 Ra8 33.Ne6 Ra1+ 34.Kh2 Bf5 35.Ng7+ Bxg7 36.Rxg7 Ra2
37.Bxh6 Be4 38.Rg5 Bxg2 39.Rxe5+ Kf7 40.Kg1 Bh3 41.Bf4 Rg2+ 42.Kh1 Rb2 43.b5 Bf1
44.Bc1  1-0

[Event "21st Open"]
[Site "Reykjavik ISL"]
[Date "2004.03.14"]
[Round "7"]
[White "Sutovsky,E"]
[Black "Dreev,A"]
[Result "1/2-1/2"]
[WhiteElo "2666"]
[BlackElo "2682"]

1.e4 c6 2.Nc3 d5 3.Nf3 Bg4 4.h3 Bxf3 5.Qxf3 e6 6.d3 Nd7 7.Bd2 g6 8.g4 Bg7
9.Qg3 h5 10.g5 Ne7 11.Bg2 Qb6  1/2-1/2

[Event "Blitz"]
[Site "Reykjavik ISL"]
[Date "2004.03.17"]
[Round "2"]
[White "Dreev,A"]
[Black "Stefansson,H"]
[Result "1/2-1/2"]
[WhiteElo "2682"]
[BlackElo "2572"]

1.d4 Nf6 2.c4 e6 3.Nf3 b6 4.a3 Bb7 5.Nc3 d5 6.cxd5 Nxd5 7.Bd2 Be7 8.Qc2 O-O
9.e4 Nxc3 10.Bxc3 Nd7 11.Rd1 Qc8 12.Bd3 c5 13.d5 c4 14.Be2 exd5 15.exd5 Bf6
16.O-O Re8 17.Bxf6 Nxf6 18.Bxc4 b5 19.Bd3 Qxc2 20.Bxc2 Bxd5 21.Nd4 a6 22.f3 g6
23.Rd2 Rac8 24.Rfd1 Kg7 25.Kf2 h5 26.h4 Re5 27.Re1 Rxe1 28.Kxe1 Bc4 29.Kf2 Rc7
30.Nb3 Bd5 31.Bd1 Rc4 32.Rd4 Rc7 33.Ke3 Re7+ 34.Kd2 Rc7 35.Na5 Kf8 36.a4 bxa4
37.Rxa4 Nd7 38.Be2 Nc5 39.Rd4 Nb3+ 40.Nxb3 Bxb3 41.Rb4 Rc2+ 42.Ke3 Be6 43.g4 hxg4
44.fxg4 a5 45.Rb8+ Kg7 46.h5 gxh5 47.gxh5 a4 48.Bd1 Rh2 49.Rb4 Rh3+ 50.Kd2 Bb3
51.Be2 Rh2 52.Ke3 Rh3+ 53.Kd2  1/2-1/2

[Event "Rapid"]
[Site "Reykjavik ISL"]
[Date "2004.03.18"]
[Round "1.2"]
[White "Dreev,A"]
[Black "Petursson,M"]
[Result "1/2-1/2"]
[WhiteElo "2682"]
[BlackElo "2540"]

1.d4 d5 2.c4 e6 3.Nc3 Nf6 4.cxd5 exd5 5.Bg5 Nbd7 6.e3 c6 7.Bd3 Be7 8.Nf3 O-O
9.Qc2 Re8 10.O-O Nf8 11.Rab1 g6 12.b4 Ne6 13.Bh4 a6 14.a4 Ng7 15.b5 axb5
16.axb5 Bf5 17.bxc6 bxc6 18.Ne5 Rc8 19.Rb7 Bxd3 20.Qxd3 Rc7  1/2-1/2

[Event "Rapid"]
[Site "Reykjavik ISL"]
[Date "2004.03.20"]
[Round "3.2"]
[White "Short,N"]
[Black "Dreev,A"]
[Result "1-0"]
[WhiteElo "2702"]
[BlackElo "2682"]

1.e4 c6 2.d4 d5 3.e5 Bf5 4.Nf3 e6 5.a3 Nd7 6.Bd3 Bxd3 7.Qxd3 c5 8.c3 a5 9.O-O c4
10.Qe2 b5 11.Ng5 h6 12.Nh3 h5 13.Bg5 Be7 14.f4 g6 15.Nd2 Nh6 16.Bxh6 Rxh6
17.Qe3 Rh8 18.Nf3 Nb8 19.Nhg5 Nc6 20.h3 h4 21.Qf2 Ra7 22.Nxh4 Bxg5 23.fxg5 Qxg5
24.Nf3 Qf4 25.g3 Qf5 26.h4 Ne7 27.Qg2 Qg4 28.Nh2 Qh5 29.Rf4 g5 30.Ng4 Ng8
31.hxg5 Qxg5 32.Raf1 Qg6 33.Qf3 Qh5 34.Qg2 Qg6 35.Ne3 Nh6 36.Rf6 Qg5 37.Qf3 Rg8
38.Kg2 Ng4 39.Nxg4 Qxg4 40.Qxg4 Rxg4 41.Rh1 b4 42.Rh8+ Ke7 43.Rh7 Kf8 44.Rxe6 Kg8
45.Reh6 bxa3 46.bxa3 Re4 47.Kh3 Rb7 48.Rh8+ Kg7 49.g4 Rb1 50.Kh4 Rg1 51.R6h7+ Kg6
52.Rh6+ Kg7 53.Kh5 Rh1+ 54.Kg5 Rxh6 55.Rxh6 Re3 56.Rd6 Rxc3 57.Rxd5 Rxa3
58.Rc5 Kf8 59.Rxc4 Ke7 60.d5 Rd3 61.Rc7+ Ke8 62.d6 a4 63.Re7+ Kf8 64.Ra7 a3
65.Kf5 Ke8 66.g5 Rf3+ 67.Ke4 Rg3 68.Kf4 Rd3 69.g6 fxg6 70.Kg5 a2 71.Kxg6 Rf3
72.e6 Rg3+ 73.Kf5  1-0

[Event "ACP Blitz Prelim1"]
[Site "playchess.com INT"]
[Date "2004.04.12"]
[Round "3"]
[White "Agababean,N"]
[Black "Dreev,A"]
[Result "0-1"]
[WhiteElo "2216"]
[BlackElo "2689"]

1.d4 d5 2.Nf3 c6 3.c4 Nf6 4.Nc3 e6 5.e3 Nbd7 6.cxd5 exd5 7.Bd3 Bd6 8.O-O O-O
9.Qc2 Re8 10.a3 a5 11.Rb1 Qe7 12.Re1 Ne4 13.Bxe4 dxe4 14.Nd2 Nf6 15.Nf1 h5
16.Na4 Nd5 17.Nc5 h4 18.b4 axb4 19.axb4 h3 20.Ng3 Bxg3 21.fxg3 hxg2 22.Qxg2 Bg4
23.b5 b6 24.Na6 cxb5 25.Rxb5 Red8 26.Qa2 Nc3 27.Qb2 Nxb5 28.Qxb5 Bf3 29.Nb4 Qe6
30.Nc6 Ra2  0-1

[Event "ACP Blitz Prelim1"]
[Site "playchess.com INT"]
[Date "2004.04.12"]
[Round "4"]
[White "Matveeva,S"]
[Black "Dreev,A"]
[Result "1/2-1/2"]
[WhiteElo "2496"]
[BlackElo "2689"]

1.d4 d5 2.c4 c6 3.Nc3 Nf6 4.Nf3 e6 5.e3 Nbd7 6.Qc2 b6 7.b3 Bb7 8.Be2 Bd6
9.O-O O-O 10.Bb2 Qe7 11.Rad1 Ba3 12.Ba1 Bb4 13.Bd3 h6 14.e4 Bxc3 15.Bxc3 dxe4
16.Bxe4 Nxe4 17.Qxe4 Rad8  1/2-1/2

[Event "ACP Blitz Prelim1"]
[Site "playchess.com INT"]
[Date "2004.04.12"]
[Round "6"]
[White "Dimitrijevic,A"]
[Black "Dreev,A"]
[Result "0-1"]
[WhiteElo "2292"]
[BlackElo "2689"]

1.Nf3 d5 2.b3 Bg4 3.e3 Nd7 4.Be2 e6 5.Bb2 Ngf6 6.O-O Bd6 7.d3 O-O 8.c4 c6
9.Nbd2 Qe7 10.h3 Bh5 11.Re1 Rfe8 12.Qc2 e5 13.Nf1 Ba3 14.Rad1 Bb4 15.Bc3 a5
16.a4 Bxc3 17.Qxc3 Qb4 18.Qc2 Nc5 19.Rb1 dxc4 20.bxc4 Qxa4 21.Qc3 e4 22.dxe4 Nfxe4
23.Qb2 Bxf3 24.gxf3 Ng5 25.h4 Nge6 26.Qc3 Qa2 27.Rb2 Na4 28.Rxa2 Nxc3 29.Rb2 Nxe2+
30.Rexe2 Nc5 31.Ng3 a4 32.Nf5 a3 33.Ra2 Ra4 34.Rec2 Rea8 35.Nd6 Nd3 36.Nxb7 Nb4
37.Nc5 Nxc2 38.Nxa4 Rxa4  0-1

[Event "ACP Blitz Prelim1"]
[Site "playchess.com INT"]
[Date "2004.04.12"]
[Round "9"]
[White "Dreev,A"]
[Black "Volkov,S1"]
[Result "1/2-1/2"]
[WhiteElo "2689"]
[BlackElo "2629"]

1.d4 d5 2.c4 c6 3.Nf3 Nf6 4.e3 Bg4 5.Nc3 e6 6.h3 Bh5 7.g4 Bg6 8.Ne5 Nbd7
9.h4 h6 10.Nxg6 fxg6 11.Bd3 Kf7 12.Qc2 dxc4 13.Bxg6+ Kg8 14.Bd2 b5 15.O-O-O a5
16.g5 Nd5 17.Nxd5 cxd5 18.e4 Nb6 19.gxh6 gxh6 20.Rdg1 Bg7 21.Rg3 Ra7 22.Bf4 b4
23.Be5 Bxe5 24.dxe5 Rg7 25.Rhg1 Kf8 26.Qd2 Qxh4 27.Rg4 Qh2 28.Qe3 Nd7 29.f4 c3
30.R4g2 Qh4 31.Rg4 cxb2+ 32.Kxb2 Qe7 33.f5 exf5 34.exf5 Qxe5+ 35.Qxe5 Nxe5
36.Rd4  1/2-1/2

[Event "ACP Blitz Prelim1"]
[Site "playchess.com INT"]
[Date "2004.04.12"]
[Round "10"]
[White "Bartel,Mat"]
[Black "Dreev,A"]
[Result "0-1"]
[WhiteElo "2501"]
[BlackElo "2689"]

1.e4 c6 2.d4 d5 3.exd5 cxd5 4.c4 Nf6 5.Nc3 Nc6 6.Nf3 Bg4 7.cxd5 Nxd5 8.Qb3 Bxf3
9.gxf3 e6 10.Qxb7 Nxd4 11.Bb5+ Nxb5 12.Qxb5+ Qd7 13.Qxd7+ Kxd7 14.Nxd5 exd5
15.Be3 Bb4+ 16.Ke2 a5 17.Rhd1 Ke6 18.Rac1 Rhc8 19.Kd3 f6 20.b3 Bd6 21.h3 g5
22.Bd2 Bb4 23.Be3 Ba3 24.Rxc8 Rxc8 25.Bb6 Bb4 26.a3 Rc6 27.Bd8 Bxa3 28.Bxa5 Bc5
29.b4 Bxf2 30.b5 Rc4 31.Rb1 Rd4+ 32.Ke2 Bg3 33.b6 Ra4 34.Bd2 Bb8 35.b7 Ra6
36.Kd3 Kd7 37.Bc3 Kc7 38.Bxf6 Rxf6 39.Kd4 Rxf3 40.Kxd5 Rxh3 41.Ke4 g4 42.Kf4 h5
43.Kg5 g3 44.Kf4 h4 45.Kf3 Rh2 46.Kg4 Kc6 47.Kf3 g2 48.Rg1 h3 49.Rc1+ Kxb7
50.Rb1+ Ka8 51.Ra1+ Ba7 52.Kg3 Rh1 53.Rxa7+ Kxa7 54.Kf3 g1=Q 55.Ke4 Qg2+  0-1

[Event "ACP Blitz Prelim1"]
[Site "playchess.com INT"]
[Date "2004.04.12"]
[Round "12"]
[White "Moreno Carnero,J"]
[Black "Dreev,A"]
[Result "0-1"]
[WhiteElo "2525"]
[BlackElo "2689"]

1.e4 c6 2.d4 d5 3.Nc3 dxe4 4.Nxe4 Bf5 5.Nc5 Nd7 6.Nxb7 Qc7 7.Nc5 Nxc5 8.dxc5 e6
9.Bd3 Rd8 10.Nf3 Bxc5 11.O-O Nf6 12.Qe2 Bxd3 13.cxd3 h6 14.Be3 Bxe3 15.Qxe3 O-O
16.d4 Nd5 17.Qe4 Qb6 18.Qc2 Ne7 19.Rac1 Rd6 20.b3 Rfd8 21.g3 Nf5 22.Rfd1 Qa5
23.Qd2 Qb5 24.Rc5 Nxd4 25.Qxd4 Rxd4 26.Rxd4 Rxd4  0-1

[Event "ACP Blitz Prelim1"]
[Site "playchess.com INT"]
[Date "2004.04.12"]
[Round "13"]
[White "Dreev,A"]
[Black "Berry,J"]
[Result "1/2-1/2"]
[WhiteElo "2689"]
[BlackElo "2255"]

1.d4 g6 2.e4 d6 3.c3 b6 4.Bd3 Bb7 5.Nf3 Nd7 6.O-O e5 7.Re1 Ngf6 8.Nbd2 Bg7
9.a4 a6 10.Nc4 Qe7 11.Bg5 h6 12.Bh4 O-O 13.Qc2 Rfe8 14.Ne3 Qf8 15.dxe5 Nxe5
16.Nxe5 Rxe5 17.f3 Rae8 18.Bc4 Kh7 19.Bxf6 Bxf6 20.Ng4 Qe7 21.Nxe5 Qxe5 22.Bxf7 Rf8
23.Bd5 c6 24.Bc4 Qc5+ 25.Qf2 Qxc4 26.Qxb6 Rf7 27.Rad1 Be5 28.a5 g5 29.Qd8 Qc5+
30.Kh1 Qf2 31.Qe8 Rg7 32.Qh5 Bc8 33.b4 g4 34.Rf1 Qe2 35.f4 Bxf4 36.Rde1 Qd2
37.Rd1 Qe2 38.Rde1 Qd2 39.Rd1 Qe2  1/2-1/2

[Event "ACP Blitz Prelim1"]
[Site "playchess.com INT"]
[Date "2004.04.12"]
[Round "15"]
[White "Dreev,A"]
[Black "Komarov,D"]
[Result "0-1"]
[WhiteElo "2689"]
[BlackElo "2565"]

1.d4 d5 2.c4 dxc4 3.e4 Nf6 4.e5 Nd5 5.Bxc4 Nb6 6.Bd3 Nc6 7.Ne2 Bg4 8.f3 Be6
9.Nbc3 Qd7 10.Ne4 Bd5 11.Nc5 Qc8 12.a3 e6 13.Qc2 Bxc5 14.Qxc5 Qd7 15.b4 a6
16.O-O Nc4 17.b5 axb5 18.Qxb5 N6xe5 19.Qxd7+ Nxd7 20.Nc3 Ncb6 21.Nb5 Rc8
22.Bf4 O-O 23.Bxc7 Bc6 24.Rfc1 Nd5 25.Bd6 Rfd8 26.Na7 Ra8 27.Nxc6 bxc6 28.Rxc6 Nb8
29.Rcc1 g6 30.Bg3 Nd7 31.a4 Ra5 32.Be1 Ra7 33.a5 Rda8 34.Rc6 Kg7 35.h4 h5
36.Bd2 Nb8 37.Rc2 Na6 38.Rb1 Nac7 39.Rc5 Na6 40.Rcb5 Nac7 41.Rb7 Rxa5 42.Bxa5 Rxa5
43.Rc1 Ne8 44.Be4 Nef6 45.Rcb1 Ra4 46.Bxd5 Nxd5 47.Rd7 Rxd4 48.Rbb7 Rf4 49.Kf2 Rf6
50.g3 Rf5 51.f4 Kf8 52.Kf3 Kg8 53.Rd8+ Kg7 54.Rdd7 Rf6 55.Ke2 Kf8 56.Rd8+ Kg7
57.Rdd7 Rf5 58.Kd3 Kg8 59.Kd2 Nf6 60.Rd8+ Kg7 61.Ke3 Ra5 62.Rd3 Nd5+ 63.Kf3 Kf6
64.Rd7 Ra4 65.R7xd5 exd5 66.Rxd5 Ra3+ 67.Kf2 Ke6 68.Re5+ Kd6 69.Rb5 Ke7 70.Rb7+ Kf6
71.Rb6+ Kf5 72.Rb5+ Kg4 73.Rg5+ Kh3 74.f5 Ra5 75.Kf3 Rxf5+ 76.Rxf5 gxf5 77.Kf4 f6
78.Kf3 Kh2 79.Kf2 f4 80.gxf4 f5 81.Ke2 Kg3 82.Ke3 Kg4  0-1

[Event "ACP Blitz Final"]
[Site "playchess.com INT"]
[Date "2004.04.17"]
[Round "3.3"]
[White "Svidler,P"]
[Black "Dreev,A"]
[Result "1-0"]
[WhiteElo "2733"]
[BlackElo "2689"]

1.e4 c6 2.d4 d5 3.exd5 cxd5 4.Bd3 Nc6 5.c3 Qc7 6.Nd2 g6 7.h3 Bg7 8.Ngf3 Nh6
9.O-O Bf5 10.Be2 O-O 11.Re1 Bd7 12.Nf1 Nf5 13.Bd3 Rfe8 14.N1h2 Nd6 15.Ng4 Bxg4
16.hxg4 Qc8 17.g5 Qg4 18.g3 Nc4 19.b3 Nd6 20.Bf4 Rac8 21.Rc1 Qd7 22.Kg2 Nf5
23.b4 a6 24.a4 f6 25.b5 axb5 26.Bxb5 Nd6 27.Bxd6 Qxd6 28.Qb3 Red8 29.Re3 Na5
30.Qb1 Rc7 31.Rce1 Kf8 32.Re6 Qa3 33.Rh1 Kg8 34.gxf6 exf6 35.Nh4 Qb3 36.Qe1 Qxc3
37.Re8+ Rxe8 38.Qxe8+ Bf8 39.Bd7 Qb4 40.Nxg6 Kg7 41.Nxf8  1-0

[Event "ACP Blitz Final"]
[Site "playchess.com INT"]
[Date "2004.04.17"]
[Round "3.2"]
[White "Dreev,A"]
[Black "Svidler,P"]
[Result "0-1"]
[WhiteElo "2689"]
[BlackElo "2733"]

1.d4 Nf6 2.c4 g6 3.Nc3 d5 4.Bf4 Bg7 5.e3 O-O 6.cxd5 Nxd5 7.Nxd5 Qxd5 8.Bxc7 Na6
9.Bxa6 bxa6 10.Nf3 Qb7 11.Be5 Bxe5 12.Nxe5 Qxg2 13.Qf3 Qxf3 14.Nxf3 Rb8 15.b3 Bb7
16.Ke2 a5 17.Rhc1 Rfc8 18.Ne5 Ba6+ 19.Kd2 a4 20.Nd7 Rxc1 21.Rxc1 Rb5 22.Nc5 axb3
23.axb3 Bc8 24.Kc3 Rb6 25.Ra1 a6 26.Ra5 Kf8 27.f4 Ke8 28.h4 Kd8 29.e4 Rf6
30.Nd3 Rc6+ 31.Rc5 Rxc5+ 32.Nxc5 f6 33.e5 h6 34.e6 Kc7 35.d5 g5 36.fxg5 fxg5
37.hxg5 hxg5 38.b4 g4 39.Ne4 Kb6 40.Kd4 a5 41.bxa5+ Kxa5 42.Ng3 Kb6 43.Nf5 Kc7
44.Ke5 Bb7 45.Nxe7 g3 46.d6+ Kb6 47.d7 Kc7 48.Nf5 g2  0-1

[Event "ACP Blitz Final"]
[Site "playchess.com INT"]
[Date "2004.04.17"]
[Round "3.4"]
[White "Dreev,A"]
[Black "Svidler,P"]
[Result "1/2-1/2"]
[WhiteElo "2689"]
[BlackElo "2733"]

1.d4 Nf6 2.c4 g6 3.Nc3 d5 4.Bf4 Bg7 5.Nf3 O-O 6.Rc1 dxc4 7.e4 Bg4 8.Bxc4 Nh5
9.Bg5 Bxf3 10.Qxf3 Nc6 11.d5 Nd4 12.Qd1 c5 13.dxc6 Nxc6 14.O-O Nf6 15.Qa4 a6
16.Rfd1 Qb8 17.Be2 b5 18.Qb3 e6 19.Bxf6 Bxf6 20.Nd5 exd5 21.Rxc6 Be5 22.Rxd5 Bxh2+
23.Kh1 Qf4 24.Qf3 Qh6 25.Qh3 Qxh3 26.gxh3 Bf4 27.Kg2 Rfe8 28.Kf3 Be5 29.b4 Re7
30.Rdc5 Kg7 31.Rd5  1/2-1/2

[Event "57th ch-RUS Qualifier"]
[Site "St Petersburg RUS"]
[Date "2004.05.22"]
[Round "2"]
[White "Kuzmin,A"]
[Black "Dreev,A"]
[Result "0-1"]
[WhiteElo "2567"]
[BlackElo "2689"]

1.d4 d5 2.c4 c6 3.Nc3 Nf6 4.e3 e6 5.Nf3 Nbd7 6.Bd3 dxc4 7.Bxc4 b5 8.Bd3 Bb7
9.e4 b4 10.Na4 c5 11.e5 Nd5 12.Nxc5 Nxc5 13.dxc5 Bxc5 14.O-O h6 15.Nd2 Qc7
16.Re1 Ne7 17.Qg4 Rd8 18.Be4 Qb6 19.Qf3 Bd5 20.Bxd5 Rxd5 21.Nc4 Qa6 22.b3 O-O
23.Be3 Bxe3 24.Qxe3 Nf5 25.Qe2 Rfd8 26.h3 Qb7 27.Red1 Nd4 28.Qg4 f5 29.exf6 Rg5
30.Rxd4 Rxd4 31.Qxe6+ Kh7 32.g3 Qf3 33.fxg7 Re4 34.Qd6 Re2 35.Rf1 Rxg7 36.Na5 Rxa2
37.Nc6 Ra6 38.Rc1 Ra2 39.Rf1 Ra6 40.Rc1 Rf7 41.Qc5 Rc7 42.Qc2+ Kg7 43.Qb2+ Qf6  0-1

[Event "57th ch-RUS Qualifier"]
[Site "St Petersburg RUS"]
[Date "2004.05.29"]
[Round "8"]
[White "Najer,E"]
[Black "Dreev,A"]
[Result "1/2-1/2"]
[WhiteElo "2606"]
[BlackElo "2689"]

1.e4 c6 2.d4 d5 3.e5 Bf5 4.Nf3 e6 5.Be2 Nd7 6.O-O Bg6 7.c3 a6 8.Bf4 Ne7 9.Nbd2 Nc8
10.Be3 b5 11.a4 Ncb6 12.a5 Na4  1/2-1/2

[Event "3rd ACP Blitz Prelim1"]
[Site "playchess.com INT"]
[Date "2004.05.31"]
[Round "4"]
[White "Agababean,N"]
[Black "Dreev,A"]
[Result "0-1"]
[WhiteElo "2216"]
[BlackElo "2689"]

1.d4 d5 2.Nf3 Nf6 3.c4 c6 4.Nc3 e6 5.e3 Nbd7 6.b3 Bb4 7.Bd2 Qe7 8.Be2 O-O
9.O-O b6 10.a4 Bb7 11.cxd5 exd5 12.Bd3 Rfe8 13.Ne2 a5 14.Bxb4 axb4 15.Rc1 g6
16.Ng3 Qd6 17.h4 Ng4 18.Ng5 Ndf6 19.Nh3 Rxe3 20.fxe3 Qxg3 21.Rf3 Qh2+ 22.Kf1 Re8
23.Qd2 Qh1+ 24.Ng1 Qxh4 25.Rh3 Qg5 26.Re1 Ne4 27.Bxe4 dxe4 28.Ne2 Qf5+ 29.Kg1 Qf2+
30.Kh1 Ba6 31.Qc2 Qxe1+  0-1